000 01165nas a2200385 4500
001 BR0300025
003 BR-BrBNA
005 20231205103440.0
007 ta
008 230509b bl.|||p| |||| 00| 00por d
040 _aBR-BrBNA
_bpor
_cBiblioteca Nacional de Agricultura
041 _a(Pt)
072 _aK10; F70
100 1 _aAraujo, M.M.
100 1 _aOliveira, F. de A.
100 1 _aVieira, I.C.G.
100 1 _aBarros, P.L.C. de
100 1 _aLima, C.A.T. de
245 1 _aDensidade e composição florística do banco de sementes do solo de florestas sucessionais na região do Baixo Rio Guamá, Amazônia Oriental
650 _aÁRVORE ANGIOSPERMA
650 _aSEMENTE
650 _aCONSORCIAÇÃO DE CULTURA
650 _aREGENERAÇÃO
650 _aCOMPOSIÇÃO BOTÂNICA
650 _aTAXONOMIA VEGETAL
650 _aESPÉCIE NATIVA
650 _aFLORESTA
650 _aLACRE
650 _aIDADE
650 _aVARIEDADE
650 _aAMAZÔNIA
773 0 _tScientia Forestalis (Brazil)
_xISSN 1413-9324
_g(Jun 2001), (no. 59) p. 115-130
_wBR0300025
909 _a202311
_bLúcia
_c55
_dLúcia Elande
942 _2AGRIS
_n0
_cANA
999 _c172918
_d172918